书目信息 |
| 题名: |
现代汉语句型
|
|
| 作者: | 李临定 著 | |
| 分册: | ||
| 出版信息: | 北京 商务印书馆 1986 |
|
| 页数: | 328页 | |
| 开本: | 20cm | |
| 丛书名: | ||
| 单 册: | ||
| 中图分类: | H146.3 | |
| 科图分类: | ||
| 主题词: | 汉语--句法--现代 | |
| 电子资源: | ||
| ISBN: | ||
| 000 | 00606nam0 2200229 45 | |
| 001 | 0186016920 | |
| 005 | 20050415082411.6 | |
| 010 | @dCNY1.75 | |
| 091 | @a9017.1413 | |
| 100 | @a19900809d1986 em y0chiy0121 ea | |
| 101 | 0 | @achi |
| 102 | @aCN@b110000 | |
| 105 | @ay z 000yy | |
| 200 | 10 | @a现代汉语句型@Axian dai han yu ju xing@f李临定著@FLi Lin Ding Zhu |
| 210 | @a北京@c商务印书馆@d1986 | |
| 215 | @a328页@d20cm | |
| 606 | @a汉语@x句法@x现代 | |
| 690 | @aH146.3@v3 | |
| 701 | 0 | @a李临定@4著 |
| 801 | 0 | @aCN@b深圳图书馆@c20040425 |
| 801 | 2 | @aCN@bNLC@c20040425 |
| 905 | @dH146.3@e103@f1@b165391 | |
| 现代汉语句型/李临定著.-北京:商务印书馆,1986 |
| 328页;20cm |
| ISBN :CNY1.75 |
| ● |
| 相关链接 |
|
|
|
|
正题名:现代汉语句型
索取号:H146.3/103
 
预约/预借
| 序号 | 登录号 | 条形码 | 馆藏地/架位号 | 状态 | 备注 |
| 1 | 0165390 | 000848532 | 第四借阅区/ [索取号:H146.3/103] | 在馆 | |
| 2 | 0165391 | 002025347 | 第四借阅区/ [索取号:H146.3/103] | 在馆 | |
| 3 | 0165392 | 000848578 | 第二样本阅览室/ [索取号:H146.3/103] | 在馆 |